Five Largest Cities by Country Map Quiz 2 - Statistics

General Stats
  • This quiz has been taken 135 times
  • The average score is 24 of 30
Answers on the Map
Answers color-coded by a green-red scale on the quiz's map according to % correct below.
 
Answer Stats
Answer % Correct
Barcelona
98%
Madrid
98%
Toronto
98%
Edmonton
97%
Buenos Aires
95%
Montreal
95%
Delhi
94%
Vancouver
94%
Mumbai
92%
Bilbao
91%
Chennai
91%
Christchurch
90%
Seville
90%
Kolkata
89%
Auckland
88%
Calgary
84%
Lagos
82%
Valencia
80%
Wellington
79%
Bengaluru
77%
Kano
77%
San Miguel de Tucumán
62%
Hamilton
61%
Córdoba
60%
Port Harcourt
60%
Mendoza
59%
Benin City
58%
Rosario
58%
Ibadan
50%
Tauranga
50%
No matching quizzes found
Score Distribution
Percent of People with Each Score
Percentile by Number Answered
Your Score History
You have not taken this quiz